[Event "HUN-chT2 Breyer 1819"]
[Site "Hungary"]
[Date "2019.02.10"]
[Round "5.1"]
[White "Huszar, Richard"]
[Black "Persanyi, Barnabas"]
[Result "0-1"]
[WhiteElo "2253"]
[BlackElo "2270"]
[PlyCount "99"]
[EventDate "2018.10.28"]
[EventType "team-tourn"]
[EventRounds "9"]
[EventCountry "HUN"]
[SourceTitle "CBM 189 Extra"]
[Source "ChessBase"]
[SourceDate "2019.06.03"]
[SourceVersion "1"]
[SourceVersionDate "2019.06.03"]
[SourceQuality "1"]
[WhiteTeam "Kisber Aszar"]
[BlackTeam "Zsambek"]
[WhiteTeamCountry "HUN"]
[BlackTeamCountry "HUN"]

1. d4 Nf6 2. Nc3 d5 3. Bg5 Bf5 4. Bxf6 gxf6 5. e3 c6 6. Bd3 Bxd3 7. cxd3 Nd7 8. Nf3 e6 9. Qe2 f5 10. 0-0 Bg7 11. e4 fxe4 12. dxe4 0-0 13. Rad1 Qf6 14. Rd3 Rae8 15. Re1 h6 16. Nd2 Qd8 17. Rg3 f5 18. Qh5 fxe4 19. Qxh6 Qf6 20. Qe3 e5 21. Ndxe4 Qf4 22. Nd6 Qxe3 23. Rgxe3 Rd8 24. Ne2 exd4 25. Rg3 Nc5 26. b4 Rxd6 27. bxc5 Re6 28. Kf1 Rfe8 29. Rd3 Bf8 30. Rg3+ Bg7 31. Rd3 b6 32. cxb6 axb6 33. Rdd1 Re4 34. Ng3 Rxe1+ 35. Rxe1 Ra8 36. Nf5 Bf8 37. Nxd4 c5 38. Ne6 Rxa2 39. g4 c4 40. h4 c3 41. g5 c2 42. Nd4 Ba3 43. Ne2 d4 44. Nc1 Bxc1 45. Rxc1 b5 46. Ke2 b4 47. Kd2 b3 48. Kd3 b2 49. Re1 Ra1 50. Kd2 0-1

[Event "Verbandsliga Suedbaden 1819"]
[Site "Baden"]
[Date "2018.12.02"]
[Round "3.8"]
[White "Merklinger, Markus"]
[Black "Huszar, Richard"]
[Result "0-1"]
[WhiteElo "2106"]
[BlackElo "2253"]
[PlyCount "114"]
[EventDate "2018.10.14"]
[EventType "team-tourn"]
[EventRounds "9"]
[EventCountry "GER"]
[SourceTitle "EXT 2020"]
[Source "ChessBase"]
[SourceDate "2019.10.17"]
[SourceVersion "1"]
[SourceVersionDate "2019.10.17"]
[SourceQuality "1"]
[WhiteTeam "Kuppenheim"]
[BlackTeam "Oetigheim"]
[WhiteTeamCountry "GER"]
[BlackTeamCountry "GER"]

1. d4 Nf6 2. Nf3 e6 3. e3 c5 4. Bd3 b6 5. 0-0 Bb7 6. b3 Be7 7. Bb2 0-0 8. c4 cxd4 9. exd4 d5 10. Ne5 Nc6 11. Nxc6 Bxc6 12. Nd2 Qd6 13. Nf3 dxc4 14. bxc4 Ng4 15. Ne5 Nxe5 16. dxe5 Qb4 17. Qc2 g6 18. a4 Qa5 19. Rfb1 Bc5 20. Bc3 Qa6 21. a5 Qb7 22. a6 Qe7 23. Be4 Rac8 24. Bd3 Rfd8 25. Rd1 Qg5 26. Bf1 Qg4 27. Qe2 Qe4 28. Rxd8+ Rxd8 29. Rd1 Rxd1 30. Qxd1 Qf4 31. Qe2 Be4 32. g3 Qf3 33. Qxf3 Bxf3 34. Bg2 Bxg2 35. Kxg2 Kf8 36. f4 Ke8 37. Kf3 Kd7 38. Ke4 Kc6 39. Kd3 b5 40. Ba5 Bg1 41. h3 Bf2 42. g4 Kc5 43. cxb5 Kxb5 44. Bd8 Kxa6 45. Kc4 Kb7 46. Kb5 a6+ 47. Kc4 Kc6 48. h4 h5 49. gxh5 gxh5 50. Be7 Bg3 51. Bg5 Be1 52. Bd8 a5 53. Be7 a4 54. Bd8 a3 55. Kb3 Kd5 56. Kxa3 Ke4 57. Bg5 Bg3 0-1

[Event "Verbandsliga Suedbaden 1819"]
[Site "Baden"]
[Date "2018.11.04"]
[Round "2.6"]
[White "Huszar, Richard"]
[Black "Schuler, Klaus"]
[Result "1/2-1/2"]
[WhiteElo "2253"]
[BlackElo "2196"]
[PlyCount "58"]
[EventDate "2018.10.14"]
[EventType "team-tourn"]
[EventRounds "9"]
[EventCountry "GER"]
[SourceTitle "EXT 2020"]
[Source "ChessBase"]
[SourceDate "2019.10.17"]
[SourceVersion "1"]
[SourceVersionDate "2019.10.17"]
[SourceQuality "1"]
[WhiteTeam "Oetigheim"]
[BlackTeam "Lahr"]
[WhiteTeamCountry "GER"]
[BlackTeamCountry "GER"]

1. d4 Nf6 2. Nc3 d5 3. Bg5 Bf5 4. Bxf6 gxf6 5. g3 c6 6. Bg2 e6 7. e4 dxe4 8. Nxe4 Nd7 9. Ne2 Qc7 10. c3 Be7 11. 0-0 0-0-0 12. Qa4 Kb8 13. b4 h5 14. b5 Nb6 15. Qb3 Bxe4 16. Bxe4 c5 17. a4 c4 18. Qa2 Nd5 19. a5 Qc8 20. Qc2 h4 21. Bg2 hxg3 22. hxg3 Bd6 23. a6 b6 24. f4 f5 25. Bxd5 exd5 26. Kg2 Rde8 27. Rae1 Re4 28. Ng1 Rhe8 29. Nf3 f6 1/2-1/2

[Event "HUN-chT2 Breyer 1617"]
[Site "Hungary"]
[Date "2017.04.09"]
[Round "9.4"]
[White "Huszar, Richard"]
[Black "Peczeli, Zoltan"]
[Result "1-0"]
[WhiteElo "2251"]
[BlackElo "2122"]
[PlyCount "109"]
[EventDate "2016.10.30"]
[EventType "team-tourn"]
[EventRounds "9"]
[EventCountry "HUN"]
[SourceTitle "EXT 2021"]
[Source "ChessBase"]
[SourceDate "2020.10.23"]
[SourceVersion "1"]
[SourceVersionDate "2020.10.23"]
[SourceQuality "1"]
[WhiteTeam "Kisber Aszar"]
[BlackTeam "Zsambek"]
[WhiteTeamCountry "HUN"]
[BlackTeamCountry "HUN"]

1. d4 Nf6 2. Nc3 e6 3. e4 c5 4. d5 d6 5. Be2 exd5 6. exd5 g6 7. Bg5 Bg7 8. Bb5+ Bd7 9. Qe2+ Qe7 10. Qxe7+ Kxe7 11. 0-0-0 Bxb5 12. Nxb5 a6 13. Nc3 Kd7 14. f3 h6 15. Bh4 g5 16. Bf2 b5 17. Nge2 b4 18. Na4 Kc7 19. Ng3 Re8 20. Nf5 Bf8 21. Rhe1 Nbd7 22. Bg3 Nh5 23. b3 Nxg3 24. hxg3 Nf6 25. c4 bxc3 26. Nxc3 h5 27. Kc2 Kd7 28. Kd3 Rxe1 29. Rxe1 Rb8 30. Kc2 Rb4 31. a3 Rb8 32. Ne4 Nxe4 33. Rxe4 Re8 34. Kd3 Rb8 35. Kc4 Re8 36. Rxe8 Kxe8 37. Kd3 f6 38. Ke4 Kf7 39. Ne3 Kg6 40. Nf5 Kf7 41. b4 Ke8 42. Ne3 cxb4 43. axb4 Be7 44. Kf5 Kf7 45. Nc4 Bf8 46. Nd2 Be7 47. Ne4 Bd8 48. Nxd6+ Ke7 49. Ne4 g4 50. Nc5 gxf3 51. gxf3 a5 52. bxa5 Bxa5 53. d6+ Kf7 54. Nb7 Bb6 55. d7 1-0

[Event "HUN-chT2 Charousek 1112"]
[Site "Hungary"]
[Date "2012.02.19"]
[Round "6"]
[White "Bednay, Dezso"]
[Black "Huszar, Richard"]
[Result "1-0"]
[WhiteElo "2263"]
[BlackElo "2237"]
[PlyCount "61"]
[EventDate "2011.09.25"]
[EventType "team-tourn"]
[EventRounds "11"]
[EventCountry "HUN"]
[SourceTitle "EXT 2013"]
[Source "ChessBase"]
[SourceDate "2012.11.22"]
[SourceVersion "1"]
[SourceVersionDate "2012.11.22"]
[SourceQuality "1"]
[WhiteTeam "BEAC"]
[BlackTeam "Kisber Aszar"]
[WhiteTeamCountry "HUN"]
[BlackTeamCountry "HUN"]

1. e4 e6 2. d4 d5 3. e5 c5 4. c3 Nc6 5. Nf3 Bd7 6. a3 c4 7. g3 Na5 8. Nbd2 Bc6 9. Bg2 Qd7 10. Qe2 Ba4 11. Nf1 Nb3 12. Rb1 Ne7 13. Be3 h6 14. h4 0-0-0 15. N1h2 b5 16. 0-0 a5 17. Bh3 Kc7 18. h5 Nc6 19. Ne1 b4 20. axb4 axb4 21. f4 Ra8 22. f5 Nd8 23. Ng2 Bc6 24. fxe6 fxe6 25. Qg4 bxc3 26. bxc3 Ba3 27. Rf2 Re8 28. Qg6 Bb7 29. Ng4 Bf8 30. Bxh6 gxh6 31. Nf6 1-0

[Event "HUN-chT2 Charousek 1011"]
[Site "Hungary"]
[Date "2011.03.27"]
[Round "7"]
[White "Huszar, Richard"]
[Black "Szentmihalyi, David"]
[Result "1-0"]
[WhiteElo "2153"]
[BlackElo "1999"]
[PlyCount "87"]
[EventDate "2010.09.12"]
[EventType "team-tourn"]
[EventRounds "11"]
[EventCountry "HUN"]
[SourceTitle "EXT 2012"]
[Source "ChessBase"]
[SourceDate "2011.11.24"]
[SourceVersion "1"]
[SourceVersionDate "2011.11.24"]
[SourceQuality "1"]
[WhiteTeam "Kisber Aszar"]
[BlackTeam "Husi"]
[WhiteTeamCountry "HUN"]
[BlackTeamCountry "HUN"]

1. d4 Nf6 2. Nc3 d5 3. Bg5 Bf5 4. Bxf6 exf6 5. e3 Bb4 6. Bd3 Qd7 7. Nge2 Nc6 8. 0-0 Bxc3 9. Nxc3 0-0 10. Qf3 Bxd3 11. cxd3 Ne7 12. b4 a6 13. Rfc1 f5 14. Rc2 Rab8 15. Rac1 c6 16. Na4 b6 17. Nc3 Qd6 18. Rb2 c5 19. bxc5 bxc5 20. dxc5 Qxc5 21. Rbc2 Rfc8 22. g3 Rd8 23. d4 Qa3 24. Qe2 Kf8 25. Nb1 Qd6 26. Qd3 g6 27. Nd2 Rdc8 28. Nb3 Rxc2 29. Rxc2 f4 30. exf4 Kg8 31. Qe2 Nf5 32. g4 Ne7 33. Qe5 Qd8 34. Rc7 Nc8 35. Rxf7 Kxf7 36. Qxb8 Qd7 37. h3 Qe6 38. Qe5 Qc6 39. Nc5 Ne7 40. Kg2 a5 41. a4 Ng8 42. Qb8 Qf6 43. Qc7+ Ne7 44. Qe5 1-0

[Event "Dunaujvaros op"]
[Site "Dunaujvaros"]
[Date "2011.03.14"]
[Round "6"]
[White "Takacs, Balazs"]
[Black "Huszar, Richard"]
[Result "1/2-1/2"]
[WhiteElo "2307"]
[BlackElo "2159"]
[PlyCount "29"]
[EventDate "2011.03.12"]
[EventType "swiss"]
[EventRounds "7"]
[EventCountry "HUN"]
[SourceTitle "CBM 141 Extra"]
[Source "ChessBase"]
[SourceDate "2011.05.03"]
[SourceVersion "1"]
[SourceVersionDate "2011.05.03"]
[SourceQuality "1"]

1. Nf3 Nf6 2. d4 e6 3. c4 Nc6 4. e3 Bb4+ 5. Nbd2 0-0 6. Be2 d6 7. a3 Bxd2+ 8. Bxd2 e5 9. dxe5 Nxe5 10. Nxe5 dxe5 11. Bb4 Re8 12. Qxd8 Rxd8 13. Be7 Re8 14. Bxf6 gxf6 15. 0-0-0 1/2-1/2

[Event "Dunaujvaros op"]
[Site "Dunaujvaros"]
[Date "2011.03.13"]
[Round "4"]
[White "Huszar, Richard"]
[Black "Lizak, Peter"]
[Result "1/2-1/2"]
[WhiteElo "2159"]
[BlackElo "2350"]
[PlyCount "86"]
[EventDate "2011.03.12"]
[EventType "swiss"]
[EventRounds "7"]
[EventCountry "HUN"]
[SourceTitle "CBM 141 Extra"]
[Source "ChessBase"]
[SourceDate "2011.05.03"]
[SourceVersion "1"]
[SourceVersionDate "2011.05.03"]
[SourceQuality "1"]

1. Nf3 c5 2. b3 d5 3. Bb2 Nf6 4. e3 Nc6 5. d4 cxd4 6. exd4 g6 7. Be2 Bg7 8. Nbd2 0-0 9. 0-0 Bf5 10. Nh4 Rc8 11. c4 Qd7 12. Nxf5 Qxf5 13. Nf3 Rfd8 14. Bd3 Qf4 15. g3 Qc7 16. Re1 dxc4 17. bxc4 e6 18. Qa4 Nd7 19. Qb5 a6 20. Qg5 Nb6 21. Qh4 Na4 22. Ng5 h6 23. Bxg6 fxg6 24. Nxe6 g5 25. Qe4 Qf7 26. Nxd8 Rxd8 27. Rab1 Nxb2 28. Rxb2 Rxd4 29. Qe8+ Qxe8 30. Rxe8+ Kf7 31. Re1 Rd7 32. Rbe2 Nd4 33. Re3 Bf6 34. Rb1 Nc6 35. Kg2 Na5 36. Re4 Rc7 37. Rb4 Be7 38. Rb6 Nc6 39. f4 Bc5 40. Rb1 a5 41. fxg5 hxg5 42. Rf1+ Kg6 43. h4 Be7 1/2-1/2

[Event "HUN-chT2 Breyer 0910"]
[Site "Hungary"]
[Date "2009.12.20"]
[Round "4"]
[White "Ruip, Janos"]
[Black "Huszar, Richard"]
[Result "0-1"]
[WhiteElo "2035"]
[BlackElo "2083"]
[PlyCount "94"]
[EventDate "2009.11.08"]
[EventType "team-tourn"]
[EventRounds "11"]
[EventCountry "HUN"]
[SourceTitle "EXT 2011"]
[Source "ChessBase"]
[SourceDate "2010.11.26"]
[SourceVersion "1"]
[SourceVersionDate "2010.11.26"]
[SourceQuality "1"]
[WhiteTeam "Biatorbagy"]
[BlackTeam "Kisber Aszar"]
[WhiteTeamCountry "HUN"]
[BlackTeamCountry "HUN"]

1. e4 e6 2. d4 d5 3. e5 c5 4. c3 Nc6 5. Nf3 Bd7 6. Bd3 cxd4 7. cxd4 Qb6 8. 0-0 Nxd4 9. Nxd4 Qxd4 10. Nc3 a6 11. Qe2 Qb6 12. Kh1 Ne7 13. f4 Nc6 14. a3 Qc7 15. Qf2 Be7 16. Bd2 b5 17. Rac1 Qa7 18. Qg3 g6 19. b4 Qb8 20. Ne2 a5 21. Rb1 axb4 22. axb4 Ra2 23. Rfd1 Ra3 24. Bc3 0-0 25. Qe3 Rd8 26. Qc1 Ra4 27. Bc2 Ra6 28. Qe3 Qc7 29. Nd4 Ra3 30. Qd2 Qb6 31. Rb3 Ra2 32. Qd3 Nxd4 33. Bxd4 Qa6 34. Bb1 Ra4 35. Qd2 Rc8 36. Bd3 Ra2 37. Qe3 Qa4 38. Bb1 Ra3 39. Rdd3 Rxb3 40. Rxb3 Bxb4 41. Rd3 Bf8 42. h3 Qc4 43. Rd1 Bc5 44. Kh2 Bxd4 45. Rxd4 Qc1 46. Qxc1 Rxc1 47. Rb4 Rc4 0-1

[Event "HUN-chT U18"]
[Site "Miskolc"]
[Date "2009.10.28"]
[Round "4.8"]
[White "Tesik, Csaba"]
[Black "Huszar, Richard"]
[Result "1-0"]
[WhiteElo "2165"]
[BlackElo "2086"]
[PlyCount "97"]
[EventDate "2009.10.26"]
[EventType "team-swiss"]
[EventRounds "8"]
[EventCountry "HUN"]
[SourceTitle "EXT 2016"]
[Source "ChessBase"]
[SourceDate "2015.10.08"]
[SourceVersion "1"]
[SourceVersionDate "2015.10.08"]
[SourceQuality "1"]

1. e4 e6 2. d4 d5 3. Nc3 Bb4 4. e5 c5 5. a3 Bxc3+ 6. bxc3 Ne7 7. Qg4 Qc7 8. Qxg7 Rg8 9. Qxh7 cxd4 10. Ne2 Nbc6 11. f4 Bd7 12. Qd3 dxc3 13. Qxc3 0-0-0 14. Rb1 Nf5 15. Rg1 d4 16. Qd3 Rh8 17. g4 Nh4 18. Rg3 f6 19. exf6 e5 20. f5 Rde8 21. f7 Re7 22. Bg5 Rxf7 23. Rh3 e4 24. Qxe4 Re8 25. Qf4 Ne5 26. Rxh4 Qxc2 27. Rd1 Bxf5 28. gxf5 Rxf5 29. Qxf5+ Qxf5 30. Bh3 Nf3+ 31. Kf2 Nxh4+ 32. Bxf5+ Nxf5 33. Nxd4 Nd6 34. h4 b5 35. Kf3 a6 36. h5 Kb7 37. Bf4 Nc4 38. Nf5 Rh8 39. h6 Nxa3 40. Be5 Rh7 41. Bg7 b4 42. Ke4 Kc6 43. Nd4+ Kb6 44. Kd3 a5 45. Rc1 a4 46. Nc2 Nxc2 47. Kxc2 Kb5 48. Kb2 Kb6 49. Rc8 1-0

[Event "HUN-chT U18"]
[Site "Miskolc"]
[Date "2009.10.27"]
[Round "3.7"]
[White "Huszar, Richard"]
[Black "Csiba, Dominik"]
[Result "0-1"]
[WhiteElo "2086"]
[BlackElo "2353"]
[PlyCount "110"]
[EventDate "2009.10.26"]
[EventType "team-swiss"]
[EventRounds "8"]
[EventCountry "HUN"]
[SourceTitle "EXT 2016"]
[Source "ChessBase"]
[SourceDate "2015.10.08"]
[SourceVersion "1"]
[SourceVersionDate "2015.10.08"]
[SourceQuality "1"]

1. d4 Nf6 2. Nc3 d5 3. Bg5 Nbd7 4. Nf3 h6 5. Bh4 e6 6. e3 c5 7. Be2 Be7 8. 0-0 0-0 9. h3 a6 10. Bg3 b5 11. Ne5 Bb7 12. Bf3 Rc8 13. Ne2 Nb6 14. Nf4 cxd4 15. exd4 Nc4 16. Rb1 Qa5 17. Nxc4 Rxc4 18. Be2 Rcc8 19. a3 Qb6 20. Bh2 a5 21. g4 b4 22. axb4 axb4 23. Kh1 Rfd8 24. f3 Rc4 25. Bxc4 dxc4 26. Qe2 Qc6 27. c3 Bd6 28. Rbe1 Ra8 29. Rf2 Bxf4 30. Bxf4 Ra2 31. Qf1 Nd5 32. Bc1 bxc3 33. bxc3 Rxf2 34. Qxf2 Nxc3 35. Kg2 Nb5 36. Re5 Nxd4 37. Re3 c3 38. Rd3 e5 39. Qe3 c2 40. Qxe5 Nxf3 41. Rd8+ Kh7 42. Qf5+ Qg6 43. Qxg6+ Kxg6 44. Rd6+ f6 45. Kf2 Ne5 46. Rd8 Ba6 47. Ke3 Bf1 48. h4 Nxg4+ 49. Kd2 Bg2 50. Kxc2 Kh5 51. Rg8 Be4+ 52. Kd1 g6 53. Rh8 Kxh4 54. Bxh6 Kg3 55. Rb8 Nxh6 0-1

[Event "Tapolca Acs Memorial op"]
[Site "Budapest"]
[Date "2009.08.17"]
[Round "5"]
[White "Huszar, Richard"]
[Black "Feher, Gyula"]
[Result "1/2-1/2"]
[WhiteElo "2125"]
[BlackElo "2353"]
[PlyCount "28"]
[EventDate "2009.08.15"]
[EventType "swiss"]
[EventRounds "7"]
[EventCountry "HUN"]
[SourceTitle "EXT 2011"]
[Source "ChessBase"]
[SourceDate "2010.11.26"]
[SourceVersion "1"]
[SourceVersionDate "2010.11.26"]
[SourceQuality "1"]

1. d4 Nf6 2. Nc3 d5 3. Bg5 Nbd7 4. Nf3 h6 5. Bh4 c6 6. e3 g5 7. Bg3 Nh5 8. Be5 Nxe5 9. Nxe5 Nf6 10. Bd3 Qb6 11. Rb1 Bg7 12. 0-0 Nd7 13. Na4 Qc7 14. f4 gxf4 1/2-1/2

[Event "Balatonalmadi Pannonia Cup 14th"]
[Site "Balatonalmadi"]
[Date "2009.08.02"]
[Round "7"]
[White "Horvath, Rudolf2222"]
[Black "Huszar, Richard"]
[Result "1-0"]
[WhiteElo "1899"]
[BlackElo "2125"]
[PlyCount "57"]
[EventDate "2009.07.29"]
[EventType "swiss"]
[EventRounds "7"]
[EventCountry "HUN"]
[SourceTitle "EXT 2011"]
[Source "ChessBase"]
[SourceDate "2010.11.26"]
[SourceVersion "1"]
[SourceVersionDate "2010.11.26"]
[SourceQuality "1"]

1. c4 Nf6 2. Nf3 Nc6 3. g3 e5 4. Nc3 Bc5 5. Bg2 0-0 6. 0-0 a6 7. e3 d6 8. h3 Bf5 9. d4 Ba7 10. a3 Re8 11. b4 Qd7 12. Kh2 e4 13. Nh4 d5 14. Nxf5 Qxf5 15. cxd5 Nxd5 16. Nxe4 Rxe4 17. Qd3 Rae8 18. f3 Nxe3 19. Bxe3 R4e5 20. Qxf5 Rxf5 21. Rfe1 Rd8 22. Rad1 a5 23. d5 Bxe3 24. dxc6 Rxd1 25. Rxd1 Bg5 26. f4 Bf6 27. cxb7 Rb5 28. Bc6 Rb6 29. bxa5 1-0

[Event "HUN-chT U18"]
[Site "Miskolc"]
[Date "2008.10.28"]
[Round "2.12"]
[White "Mihok, Oliver"]
[Black "Huszar, Richard"]
[Result "1-0"]
[WhiteElo "2345"]
[BlackElo "2058"]
[PlyCount "65"]
[EventDate "2008.10.27"]
[EventType "team-swiss"]
[EventRounds "8"]
[EventCountry "HUN"]
[SourceTitle "EXT 2016"]
[Source "ChessBase"]
[SourceDate "2015.10.08"]
[SourceVersion "1"]
[SourceVersionDate "2015.10.08"]
[SourceQuality "1"]

1. e4 e6 2. d4 d5 3. Nc3 Bb4 4. e5 c5 5. a3 Bxc3+ 6. bxc3 Ne7 7. Qg4 Qc7 8. Qxg7 Rg8 9. Qxh7 cxd4 10. Ne2 Nbc6 11. f4 Bd7 12. Qd3 dxc3 13. Rb1 Nf5 14. g4 Nfe7 15. h3 Rc8 16. Qxc3 d4 17. Qd3 Nd5 18. Bg2 f5 19. g5 a6 20. Bd2 Nde7 21. h4 Rd8 22. h5 Na5 23. Nxd4 Nec6 24. Qc3 Qc8 25. Nxc6 Bxc6 26. Bxc6+ Nxc6 27. Be3 Qd7 28. Kf2 Qd5 29. Rhg1 Rd7 30. g6 Ne7 31. g7 Kf7 32. h6 Ng6 33. Rgd1 1-0

[Event "HUN-chT U18"]
[Site "Miskolc"]
[Date "2008.10.27"]
[Round "1.25"]
[White "Huszar, Richard"]
[Black "Neszmenyi, Zoltan"]
[Result "1-0"]
[WhiteElo "2058"]
[BlackElo "1736"]
[PlyCount "67"]
[EventDate "2008.10.27"]
[EventType "team-swiss"]
[EventRounds "8"]
[EventCountry "HUN"]
[SourceTitle "EXT 2016"]
[Source "ChessBase"]
[SourceDate "2015.10.08"]
[SourceVersion "1"]
[SourceVersionDate "2015.10.08"]
[SourceQuality "1"]

1. d4 Nf6 2. Nc3 e6 3. e4 Bb4 4. e5 Nd5 5. Qg4 Nxc3 6. Qxg7 Rf8 7. a3 Na2+ 8. axb4 Nxc1 9. Rxc1 Qh4 10. Nf3 Qe4+ 11. Be2 b6 12. Ng5 Qxd4 13. Nxh7 Qxb4+ 14. c3 Qe7 15. Qxf8+ Qxf8 16. Nxf8 Kxf8 17. Bf3 c6 18. h4 Ba6 19. h5 Bd3 20. Kd2 Bh7 21. g4 a5 22. Ke3 a4 23. Be4 Bxe4 24. Kxe4 Na6 25. Rcd1 Nc5+ 26. Kf4 a3 27. bxa3 Rxa3 28. Ra1 Rxc3 29. h6 Nd3+ 30. Kg5 Nxe5 31. h7 Ng6 32. Ra8+ Ke7 33. Rg8 Rc5+ 34. Kh6 1-0